00485pab a2200157 454500008004000000100001700040245010900057260000900166300001200175362001200187650001000199650003300209650002400242650001600266773004500282180718b2004 xxu||||| |||| 00| 0 eng d aRamasamy, C. aConstraints to growth in Indian agriculture: needed technology, resource management and trade strategies c2004 ap.1-41. aJan-Mar aTrade aResources management - India aAgriculture - India aAgriculture aIndian Journal of Agricultural Economics